The solid state : an introduction to the physics of crystals for students of physics, materials science, and engineering /

Saved in:
Bibliographic Details
Main Author: Rosenberg, H. M. (Harold Max)
Format: Book
Language:English
Published: Oxford : Clarendon Press, 1978.
Edition:2nd ed.
Series:Oxford physics series
Subjects:
LEADER 01247cam a2200349 a 4500
001 c000285018
003 CARM
005 20080721130318.0
008 790515s1978 enka b 001 0 eng
010 |a 78040482 
015 |a GB*** 
019 1 |a 21919183  |z 1420541  |z 23897145  |5 LACONCORD2021 
020 |a 0198518447 :  |c £5.50 
020 |a 0198518455 (pbk.) 
035 |a (OCoLC)4599119  |5 LACONCORD2021 
040 |a LC  |b eng  |c LC  |d LC 
050 0 0 |a QC176  |b .R67 1978 
050 1 4 |a QC176  |b .R67 1978 
082 0 4 |a 530.4/1 
100 1 |a Rosenberg, H. M.  |q (Harold Max) 
245 1 4 |a The solid state :  |b an introduction to the physics of crystals for students of physics, materials science, and engineering /  |c H. M. Rosenberg. 
250 |a 2nd ed. 
260 |a Oxford :  |b Clarendon Press,  |c 1978. 
300 |a 274 p. :  |b ill. ;  |c 23 cm. 
440 0 |a Oxford physics series 
500 |a Includes index. 
504 |a Bibliography: p. [265]-268. 
650 0 |a Solid state physics. 
650 0 |a Crystals. 
852 8 |b CARM  |h A3:AR09B0  |i B10765  |p 0510204  |f BK 
999 f f |i 2ad808f9-9892-58d8-b94d-622e411ba9aa  |s b78ab469-1030-5833-b1a3-5a85f8f9b5b4 
952 f f |p Can circulate  |a CAVAL  |b CAVAL  |c CAVAL  |d CARM 1 Store  |e B10765  |f A3:AR09B0  |h Other scheme  |i book  |m 0510204